000 01676namaa2200385 i 4500
003 EG-GICUC
005 20260429125347.0
008 260427m2002 ua |||jr|||| 000 0 ara d
017 _a2002 / 7472
_bدار الكتب والوثائق القومية (مصر)
020 _a9771802143
040 _aEG-GiCUC
_bara
_cEG-GiCUC
_dEG-GiCUC
_erda
043 _af-ua---
082 0 4 _221
_a417.962
_bT2479
092 0 4 _221
_a417.962
_bT2479
099 _a417.962 T2479 2002
100 1 _aتيمور، أحمد،
_d1871-1930
_eمؤلف.
245 1 _aمعجم تيمور الكبير فى الألفاظ العامية /
_cتأليف أحمد تيمور ؛ تحقيق حسين نصار.
264 _aالقاهرة (مصر) :
_bدار الكتب والوثائق القومية،
_c2002-
300 _aمجلدات 6
_b؛
_c29 سم
336 _2rdacontent
_atext
337 _2rdamedia
_aUnmediated
338 _2rdacarrier
_avolume
500 _aالمجلد السادس : كشاف / تخطيط دكتور حسين نصار ؛ صنعه صابر ادريس
500 _aمتعدد الطبعات
504 _aيشتمل على ارجاعات ببليوجرافية وكشاف
541 _aد. جابر عصفور ؛
_bالقاهرة ؛
_cإهداء ؛
_d2024.
650 1 7 _aاللغة العربية
_xمعاجم
_2qrmak
650 1 7 _aاللغة العربية
_xمعاجم
_xاللهجات
_zمصر
_2qrmak
651 1 _2qrmak
700 1 _aنصار، حسين
_eمعد.
_eمحقق.
700 1 _aادريس، صابر
710 2 _aدار الكتب والوثائق القومية، مركز تحقيق التراث
905 _aAya
942 _2ddc
_cREF
_e21
_n0
999 _c179752
_d179752